000 01013mam a2200301 4500
001 2336949
003 ARRUPE
005 20140505144856.0
008 760603s1942 enkb 000 0 eng
010 _a 43001479
035 _a(OCoLC)ocm02208094
035 _a(NNC)2336949
040 _aDLC
_cGUA
_dGUA
050 0 _aD759.5 51st
_b.L5
082 0 0 _a940.541242
100 1 _aLinklater, Eric,
_d1899-1974.
_910077
245 1 4 _aThe Highland division,
_cby Eric Linklater.
260 _aLondon,
_bH.M. Stationery Off.,
_c1942.
300 _a96 p.
_bmaps.
_c19 cm.
490 1 _aThe Army at war
500 _a"Issued for the War Office by the Ministry of Information."
500 _a"Order of battle, the Fifty-first (Highland) Division": p. [2] of cover and p. [1].
610 1 0 _aGreat Britain.
_bArmy.
_bDivision, 51st (Highland)
_910078
650 0 _aWorld War, 1939-1945
_xRegimental histories
_zGreat Britain.
_910079
830 0 _aArmy at war.
_910080
942 _2lcc
_cMONOGRAPH
999 _c120460
_d120460